000 00814nam a2200217 i 4500
001 bg
245 0 0 _aPrawo pracy, ubezpieczenia społeczne :
_bzbiór ujednoliconych przepisów.
250 _aStan prawny na dzień 1 września 1998 r.
260 _aWarszawa :
_bWydaw. AD. Drągowski,
_c1998.
300 _a232 s. ;
_c29 cm.
500 _aTeksty ujednolicone przez redakcję na podstawie Dzienników Ustaw i Monitorów Polskich wymienionych pod tytułami poszczególnych aktów prawnych.
650 9 _aPrawo pracy
_zPolska
_ystan na 1998 r.
650 9 _aUbezpieczenia społeczne
_xprawo
_zPolska
_ystan na 1998 r.
020 _a8390913089
040 _cBPK
041 0 _apl
080 _a349.2+349.3:369](438)(094.4)
920 _a83-909130-8-9
942 _cKS
008 s pl f |000 0 pol
999 _c33627
_d33627
856 _uhttp://koha.tu.koszalin.pl/cgi-bin/koha/opac-detail.pl?biblionumber=33627
_yKatalog online BPK